La Decadencia del contrato el derecho robot /

Detalles Bibliográficos
Autor principal: Cano Martn̕ez de Velasco, Jos ̌Ignacio
Formato: Libro
Lenguaje:español
Publicado: Barcelona : J.M. Bosch Editor, 2011
Materias:
Acceso en línea:Acceso restringido

MARC

LEADER 00000nam a2200000 a 4500
005 20120124130638.0
007 cr|||| ||||
008 110311s2011 spc b 000 0 spa c
017 |a DL SE. 1372-2011 
020 |a 9788476989548  
035 |a 6001 
040 |d vLex 
080 |a 347.4(460) 
090 |c 2939  |d 2939 
100 1 |a Cano Martn̕ez de Velasco, Jos ̌Ignacio 
245 1 3 |a La Decadencia del contrato  |h [Recurso electrn̤ico] :  |b el derecho robot /  |c Jos ̌Ignacio Cano Martn̕ez de Velasco 
256 |a Servicio en ln̕ea 
260 |a Barcelona :  |b J.M. Bosch Editor,  |c 2011 
300 |a 1 recurso electrn̤ico 
500 |a El profesor Cano Martn̕ez de Velasco es autor de numerosas publicaciones sobre temas relevantes en las distintas r̀eas del derecho civil y del mťodo cientf̕ico. En esta ocasin̤, la presente monografa̕ sobre “La decadencia del contrato” expone el creps︢culo de esta divinidad, fruto maduro de la ideologa̕ liberal individualista del siglo XIX. En los tiempos que corren est ̀decreciendo progresivamente la autonoma̕ de la voluntad, sustituida en parte por el automatismo de las conductas concluyentes segn︢ el uso significativo en que aparecen integradas. As,̕ basta realizar un acto usual para que se impongan al actuante los efectos propios del significado del uso, sin que aquľ pueda establecerlos por s ̕mismo y aunque no los quiera y declare que los rechaza. As ̕que la voluntad queda referida a la realizacin̤ del acto y no adems̀, como ocurre en el contrato, a la regulacin̤ de los efectos que ha de producir. El contrato resulta hoy en da̕ un artefacto de excesivamente complicada manipulacin̤, en cuanto exige las declaraciones de obligarse las partes. En cambio, el acto jurd̕ico concluyente es silente, no necesita declaraciones. El contrato es impugnable por los vicios de error, violencia, intimidacin̤ y dolo. El acto es impugnable solo por violencia e intimidacin̤. Para el contrato los menores e incapaces necesitan asistencia, y no para el acto, que pueden realizar por s ̕mismos con plena eficacia si tienen capacidad natural. Por todo ello, el acto concluyente con efectos contractuales est ̀supliendo en cierta medida al contrato como fuente de obligaciones en la dinm̀ica de los actos en masa de los modernos mercados globales.  
504 |a Bibliografa̕: p. [167]-177. Índice 
506 1 |a Contenido solo disponible en los productos indicados  |d vLex Global   |d vLex Global (Academic Edition, excluding Law Schools)   |d vLex Global (U.S. Academic Edition, Law Schools)   |d vLex Global (U.S. Academic Edition, excluding Law Schools)   |d vLex Global (Academic Edition, Law Schools)  
650 0 4 |a Contratos   |z Espaą 
650 0 4 |a Actos jurd̕icos  |z Espaą 
740 0 |a vLex Libros (Servicio en ln̕ea) 
856 4 0 |u http://vlex.com/source/decadencia-contrato-derecho-robot-6001  |z Acceso restringido 
942 |c BOOK 
999 0 |a  Contracts 
999 0 |a Juristic acts 
999 0 |a Commercial law